MARC

LEADER 00000nam0a2200000 4500
001 276061
005 20231101234902.0
035 |a (RuTPU)RU\TPU\book\299314 
035 |a RU\TPU\book\279503 
090 |a 276061 
100 |a 20141119d1985 k y0rusy50 ca 
101 0 |a rus 
102 |a RU 
105 |a a z 001zy 
200 1 |a Элементы, узлы и математическое обеспечение управляющих систем  |e межвузовский сборник  |f Московский государственный институт электронной техники (МИЭТ) ; под ред. В. А. Бархоткина 
210 |a Москва  |c Изд-во МИЭТ  |d 1985 
215 |a 224 с.  |c ил. 
320 |a Библиогр. в конце статей 
606 1 |a Автоматические системы управления  |x Вычислительные устройства  |2 stltpush  |3 (RuTPU)RU\TPU\subj\815  |9 29621 
610 1 |a элементы 
610 1 |a узлы 
610 1 |a математическое обеспечение 
610 1 |a цифровые фильтры 
610 1 |a аппроксимация 
610 1 |a переходные процессы 
610 1 |a электронные схемы 
610 1 |a проектирование 
675 |a 681.51:681.3  |v 3 
702 1 |a Бархоткин  |b В. А.  |4 340 
712 0 2 |a Московский государственный институт электронной техники (МИЭТ)  |c (1965-1992)  |2 stltpush  |3 (RuTPU)RU\TPU\col\19357 
801 1 |a RU  |b 63413507  |c 20140411 
801 2 |a RU  |b 63413507  |c 20170130  |g RCR 
942 |c BK